<?xml version="1.0" encoding="UTF-8"?>
<record
    xmlns:xsi="http://www.w3.org/2001/XMLSchema-instance"
    xsi:schemaLocation="http://www.loc.gov/MARC21/slim http://www.loc.gov/standards/marcxml/schema/MARC21slim.xsd"
    xmlns="http://www.loc.gov/MARC21/slim">

  <leader>01068nam a22002177a 4500</leader>
  <controlfield tag="005">20230124170015.0</controlfield>
  <controlfield tag="008">230124b           ||||| |||| 00| 0 eng d</controlfield>
  <datafield tag="020" ind1=" " ind2=" ">
    <subfield code="a">9789392262005</subfield>
  </datafield>
  <datafield tag="040" ind1=" " ind2=" ">
    <subfield code="c">AL</subfield>
  </datafield>
  <datafield tag="041" ind1=" " ind2=" ">
    <subfield code="a">eng</subfield>
  </datafield>
  <datafield tag="082" ind1=" " ind2=" ">
    <subfield code="2">23</subfield>
    <subfield code="a">921</subfield>
    <subfield code="b">GOYD</subfield>
  </datafield>
  <datafield tag="100" ind1=" " ind2=" ">
    <subfield code="a">Mukta Goyal</subfield>
    <subfield code="9">69737</subfield>
  </datafield>
  <datafield tag="245" ind1=" " ind2=" ">
    <subfield code="a">Dr.B.R. Ambedkar An Overview of his Thoughts and Actions</subfield>
  </datafield>
  <datafield tag="260" ind1=" " ind2=" ">
    <subfield code="a">Jaipur</subfield>
    <subfield code="b">Book Enclave</subfield>
    <subfield code="c">2022</subfield>
  </datafield>
  <datafield tag="300" ind1=" " ind2=" ">
    <subfield code="a">viii,197p.</subfield>
    <subfield code="b">HB</subfield>
    <subfield code="c">23x15cm.</subfield>
  </datafield>
  <datafield tag="365" ind1=" " ind2=" ">
    <subfield code="2">General</subfield>
    <subfield code="a">22</subfield>
    <subfield code="b">&#x20B9;1091.00</subfield>
    <subfield code="c">&#x20B9;</subfield>
    <subfield code="d">&#x20B9;1495.00</subfield>
    <subfield code="e">27%</subfield>
    <subfield code="f">16/09/2022</subfield>
  </datafield>
  <datafield tag="520" ind1=" " ind2=" ">
    <subfield code="a">An Overview on Ambedkar's Life; Partition and the Internationalization of Untouchability; Uniform Civil Code and Dr.B.R. Ambedkar; An Analysis; The Role of Dabekar for Making Indian Constitution Ambedkar's Contribution to the Making of Indian Constitution; The Untouchability and its Disability and Causes're Ambedkar's Contribution in Empowerment of Women and Present B. R Ambedkar's Vision and Views on the Education in 21st Century</subfield>
  </datafield>
  <datafield tag="650" ind1=" " ind2=" ">
    <subfield code="2">optional location for biographies</subfield>
  </datafield>
  <datafield tag="700" ind1=" " ind2=" ">
    <subfield code="a">Datta Krittibas</subfield>
    <subfield code="9">69738</subfield>
  </datafield>
  <datafield tag="942" ind1=" " ind2=" ">
    <subfield code="2">ddc</subfield>
    <subfield code="c">BK</subfield>
  </datafield>
  <datafield tag="999" ind1=" " ind2=" ">
    <subfield code="c">226423</subfield>
    <subfield code="d">226423</subfield>
  </datafield>
  <datafield tag="952" ind1=" " ind2=" ">
    <subfield code="0">0</subfield>
    <subfield code="1">0</subfield>
    <subfield code="2">ddc</subfield>
    <subfield code="4">0</subfield>
    <subfield code="7">0</subfield>
    <subfield code="8">MSW</subfield>
    <subfield code="a">SACPG</subfield>
    <subfield code="b">SACPG</subfield>
    <subfield code="d">2023-01-21</subfield>
    <subfield code="e">Saraswati Publishers and Distributors</subfield>
    <subfield code="g">1091.00</subfield>
    <subfield code="l">0</subfield>
    <subfield code="o">921 GOYD</subfield>
    <subfield code="p">PG024190</subfield>
    <subfield code="r">2023-01-24 00:00:00</subfield>
    <subfield code="v">1495.00</subfield>
    <subfield code="w">2023-01-24</subfield>
    <subfield code="y">BK</subfield>
  </datafield>
</record>
